Digital sports photography.
Guardado en:
| Autor principal: | |
|---|---|
| Otros Autores: | , , |
| Formato: | Libro |
| Lenguaje: | inglés |
| Publicado: |
Boston, MA, USA:
Course Technology,
2008.
|
| Edición: | Second edition. |
| Materias: | |
| Etiquetas: |
Agregar Etiqueta
Sin Etiquetas, Sea el primero en etiquetar este registro!
|
MARC
| LEADER | 00000cam a22000004a 4500 | ||
|---|---|---|---|
| 001 | 15194919 | ||
| 003 | CL-VaPUC | ||
| 005 | 20250407202442.0 | ||
| 008 | 080226s2008 maua f 001 0 eng | ||
| 999 | |c 447243 |d 447241 | ||
| 010 | |a 2008923827 | ||
| 020 | |a 978-1-59863-569-0 | ||
| 040 | |a DLC |c Pontificia Universidad Católica de Valparaíso |d DLC | ||
| 050 | 0 | 0 | |a TR821 |b .L69 2008 |
| 082 | 7 | |2 22 |a 778.99796 LOW 2008 | |
| 100 | 1 | |a Lowrance, G. Newman. |e author |9 896610 | |
| 245 | 1 | 0 | |a Digital sports photography. |
| 250 | |a Second edition. | ||
| 260 | |a Boston, MA, USA: |b Course Technology, |c 2008. | ||
| 300 | |a xix, 300 páginas. |b ilustraciones. | ||
| 500 | |a c.1.-c.2. Instituto Arcos 8-1-2025. | ||
| 583 | |c 20250311 |k Cristina María Rojas Aguilar | ||
| 650 | 0 | |a Fotografía de deportes |v Manuales |9 896611 | |
| 650 | 0 | |a Fotografía |x Técnicas digitales |v Manuales |9 896612 | |
| 700 | 1 | |a Hayt, Andy. |9 896613 | |
| 700 | 1 | |a Hayt, Jonathan. |9 896614 | |
| 700 | 1 | |a Terrell, Kevin. |9 896615 | |
| 942 | |2 ddc |c BK |n 0 | ||
| 952 | |0 0 |1 0 |2 ddc |4 0 |6 778_997960000000000_LOW_2008 |7 0 |8 A |9 600977 |a BIBINC |b BIBINC |d 2025-03-11 |e Instituto Arcos |i 5665829 |o 778.99796 LOW 2008 |p 5665829 |r 2025-03-11 |t 1 |w 2025-03-11 |y BK |k IFP | ||
| 952 | |0 0 |1 0 |2 ddc |4 0 |6 778_997960000000000_LOW_2008 |7 0 |8 A |9 600978 |a BIBINC |b BIBINC |d 2025-03-11 |e Instituto Arcos |i 5665830 |o 778.99796 LOW 2008 |p 5665830 |r 2025-03-11 |t 2 |w 2025-03-11 |y BK |k IFP | ||